Normal view
MARC view
- تاليف اللوزي، سليمان احمد / م.مشارك: مهدي حسن زويلف، مدحت ابراهيم الطراونة
Entry Personal Name
001 - CONTROL NUMBER
- control field: 41512
003 - CONTROL NUMBER IDENTIFIER
- control field: JO-AjAnu
005 - DATE AND TIME OF LATEST TRANSACTION
- control field: 20230606080908.0
008 - FIXED-LENGTH DATA ELEMENTS
- fixed length control field: 230606|| aca||aabn | a|a d
040 ## - CATALOGING SOURCE
- Original cataloging agency: JO-AjAnu
- Transcribing agency: JO-AjAnu
100 ## - HEADING--PERSONAL NAME
- Personal name: تاليف اللوزي، سليمان احمد / م.مشارك: مهدي حسن زويلف، مدحت ابراهيم الطراونة
670 ## - SOURCE DATA FOUND
- Source citation: Work cat.: (JO-AjAnu)21272: تاليف اللوزي، سليمان احمد / م.مشارك: مهدي حسن زويلف، مدحت ابراهيم الطراونة, author, ادارة البنوك